Paříž /

Hlavní autor: Le Nevez, Catherine
Další autoři: Pitts, Christopher, Williams, Nicola, 1971-
Jazyk: Čeština
Vydáno: Praha : Svojtka & Co., 2014
Vydání: 1. české vyd.
Edice: Z řady průvodců Lonely Planet
Témata:
Fyzický popis: 431 s. : barev. il., plány ; 20 cm
Knihy
Uloženo v:
LEADER 01589nam a2200445 a 4500
001 nkc20122412016
003 CZ PrNK
005 20140530100601.0
007 ta
008 140430s2014 xr ae g f 001 0 cze
015 |a cnb002412016 
020 |a 978-80-256-0984-2  |q (brož.) 
035 |a (OCoLC)880868131 
040 |a ABA001  |b cze 
041 1 |a cze  |h eng 
072 7 |a 913(4)  |x Geografie Evropy, reálie, cestování  |2 Konspekt  |9 7 
080 |a 913(44)  |2 MRF 
080 |a (036)913  |2 MRF 
100 1 |a Le Nevez, Catherine  |7 mzk2009496242  |4 aut 
245 1 0 |a Paříž /  |c toto vydání připravili Catherine Le Nevez, Christopher Pitts, Nicola Williams ; [překlad Eva Cachová] 
250 |a 1. české vyd. 
260 |a Praha :  |b Svojtka & Co.,  |c 2014 
300 |a 431 s. :  |b barev. il., plány ;  |c 20 cm 
490 1 |a Z řady průvodců Lonely Planet 
500 |a Přeloženo z angličtiny 
500 |a Terminologický slovník 
504 |a Obsahuje bibliografické odkazy a rejstřík 
651 7 |a Paříž (Francie)  |7 ge130380  |2 czenas 
651 9 |a Paris (France)  |2 eczenas 
655 7 |a turistické průvodce  |7 fd133738  |2 czenas 
655 9 |a tourist guidebooks  |2 eczenas 
700 1 |a Pitts, Christopher  |7 jx20050317009  |4 aut 
700 1 |a Williams, Nicola,  |d 1971-  |7 jn19990009160  |4 aut 
765 0 |t Paris  |9 Česky 
830 0 |a Z řady průvodců Lonely Planet  |0 s 
910 2 |a BOA001  |b 1-1327.897 
990 |a BK 
995 |a 01 
991 |b 201405  |c NOV  |e n 
996 6 |b 2610592855  |c 1-1327.897  |l MZK  |r Sklad / do 1 hodiny  |n 3  |p p.v.  |w 001426001  |u 000010  |a 1  |e BOA001  |j MZK50  |s P